Journey around the world / (Record no. 2523)

MARC details
000 -LEADER
fixed length control field 00817cam a2200253 a 4500
005 - DATE AND TIME OF LATEST TRANSACTION
control field 20250814143417.0
020 ## - INTERNATIONAL STANDARD BOOK NUMBER
International Standard Book Number 9781416958376
040 ## - CATALOGING SOURCE
Original cataloging agency DLC
Transcribing agency DLC
Modifying agency DLC
Language of cataloging eng
050 00 - LIBRARY OF CONGRESS CALL NUMBER
Classification number PZ7.A3174
Item number 2008
082 00 - DEWEY DECIMAL CLASSIFICATION NUMBER
Classification number 407
100 1# - MAIN ENTRY--PERSONAL NAME
Personal name Albee, Sarah
245 10 - TITLE STATEMENT
Title Journey around the world /
Statement of responsibility, etc. by Sarah Albee ; illustrated by The Artifact Group
250 ## - EDITION STATEMENT
Edition statement First Edition
260 ## - PUBLICATION, DISTRIBUTION, ETC.
Place of publication, distribution, etc. New York :
Name of publisher, distributor, etc. Simon Spotlight/Nick Jr.,
Date of publication, distribution, etc. 2008
300 ## - PHYSICAL DESCRIPTION
Extent 20 unnumbered pages :
Other physical details color illustrations ;
Dimensions 24 cm
490 0# - SERIES STATEMENT
Series statement Ready-to-read. Level 1
Volume/sequential designation Book 11
505 ## - FORMATTED CONTENTS NOTE
Formatted contents note F <br/>
520 ## - SUMMARY, ETC.
Summary, etc. The brave explorers know the world is round...but can they convince Queen Tasha?
521 1# - TARGET AUDIENCE NOTE
Target audience note 300 <br/>
Source Lexile <br/>
521 1# - TARGET AUDIENCE NOTE
Target audience note F <br/>
Source Raz-Plus <br/>
906 ## - LOCAL DATA ELEMENT F, LDF (RLIN)
a 7
b cbc
c orignew
d 1
e ecip
f 20
g y-gencatlg
942 ## - ADDED ENTRY ELEMENTS (KOHA)
Source of classification or shelving scheme Dewey Decimal Classification
Koha item type Books
Suppress in OPAC No
999 ## -
-- 2523
-- 2523
Holdings
Withdrawn status Lost status Source of classification or shelving scheme Damaged status Not for loan Collection Home library Current library Date acquired Total Checkouts Full call number Barcode Date last seen Date last checked out Price effective from Koha item type Shelving location Copy number
    Dewey Decimal Classification     Juvenile Fiction Footprints International School Library Network Toul Kork Campus Footprints International School Library Network Toul Kork Campus 12/13/2023 3 ALB 407 PZ7.A3174 FISTK01079 02/19/2024 02/05/2024 12/13/2023 Books    
    Dewey Decimal Classification     Juvenile Fiction Footprints International School Library Network Toul Tom Poung Campus Footprints International School Library Network Toul Kork Campus 08/14/2025 1 ALB 407 PZ7.A3174 FIS02584 01/09/2026 11/28/2025 08/14/2025 Books TTP Primary Green Bookshelves 2